Caracterización de pellets con fines energéticos elaborados a partir de residuos forestales
שמור ב:
| מחבר ראשי: | |
|---|---|
| מחברים אחרים: | |
| פורמט: | ספר |
| שפה: | Spanish |
| יצא לאור: |
San José, Costa Rica
2015
|
| נושאים: | |
| תגים: |
הוספת תג
אין תגיות, היה/י הראשונ/ה לתייג את הרשומה!
|
MARC
| LEADER | 00000nam a22000007a 4500 | ||
|---|---|---|---|
| 003 | 012143 | ||
| 005 | 20231206115235.0 | ||
| 008 | 150527b2015 cr ab||| |||| 00| ||spa d | ||
| 040 | |c cru CEDI | ||
| 090 | |a TFG 7308 | ||
| 100 | |a Carrillo Paniagua, Tonny, 1988- |9 1993 | ||
| 245 | |a Caracterización de pellets con fines energéticos elaborados a partir de residuos forestales | ||
| 260 | |a San José, Costa Rica |c 2015 | ||
| 500 | |a Proyecto de graduación (licenciatura en ingeniería agrícola)--Universidad de Costa Rica. Facultad de Ingeniería. Escuela de Ingeniería Agrícola | ||
| 501 | |a Director del Proyecto de Graduación: Dr. Pedro Casanova Tetro | ||
| 650 | |x RESIDUOS DE MADERA |x PILON |x EUCALIPTOS |x APROVECHAMIENTO DE RESIDUOS |x RECURSOS ENERGETICOS |x INVESTIGACIONES |9 786 | ||
| 700 | |a Casanova Tetro, Pedro |d Director del TFG |9 1994 | ||
| 942 | |c TFG |h TFG 7308 |i 012143 |6 TFG_7308_012143000000000 | ||
| 999 | |c 13848 |d 13848 | ||
